000 00640nam a2200229Ia 4500
003 OSt
005 20220918193403.0
006 a|||||r|||| 00| 0
007 ta
008 220917b |||||||| |||| 00| 0 eng d
024 _a72,908
037 _cTextual
040 _aARTS
_cARTS
_beng
041 _2eng
_aeng
082 _aR5xM81:1, J3;1
100 _aWorringer Wilhelm
_981641
245 0 _aAbstraction and empathy
_b a contribution to the psychology of style, tr by Michael Bullock
260 _c1953
650 _aAESTHETICS
942 _hR5xM81:1, J3;1
_cTEXL
_2CC
999 _c198849
_d198849